[Event "ODJM B 2014"]
[Site "Magdeburg GER"]
[Date "2014.06.08"]
[Round "1"]
[White "Franz, Franz Theodor"]
[Black "Böse, Christina"]
[Result "1/2-1/2"]
[Termination "normal"]
[Board "24"]
[WhiteElo "1048"]
[BlackElo "1356"]
[PlyCount "59"]
[WhiteFideId "12992674"]
[BlackFideId "12929654"]
[EventCountry "GER"]
[EventRounds "9"]
[EventType "swiss"]
[EventDate "2014.06.07"]

1. e4 c6 2. d4 d5 3. Nc3 dxe4 4. Nxe4 Bf5 5. Nc3 e6 6. Nf3 Nd7 7. Be2 Ngf6 8.
O-O Bb4 9. Bd2 O-O 10. a3 Bxc3 11. Bxc3 Ne4 12. Bd2 Ndf6 13. Be3 Nd5 14. Bd3
Qb6 15. Rb1 Qd8 16. c4 Ndf6 17. Qc2 g6 18. Rfe1 Nd6 19. Bxf5 Nxf5 20. Rbd1 Qc7
21. Ne5 c5 22. Nf3 Rad8 23. dxc5 Rxd1 24. Qxd1 Nxe3 25. Rxe3 Qxc5 26. Qd3 Qc7
27. h3 Rd8 28. Qc3 Rd1+ 29. Re1 Rxe1+ 30. Nxe1 1/2-1/2

[Event "ODJM B 2014"]
[Site "Magdeburg GER"]
[Date "2014.06.08"]
[Round "1"]
[White "Grund, Melanie"]
[Black "Bardorz, Stefan"]
[Result "1-0"]
[Termination "normal"]
[Board "25"]
[WhiteElo "1344"]
[BlackElo "1047"]
[PlyCount "45"]
[WhiteFideId "12988804"]
[BlackFideId "16245474"]
[EventCountry "GER"]
[EventRounds "9"]
[EventType "swiss"]
[EventDate "2014.06.07"]

1. e4 e5 2. Nf3 Nc6 3. d4 exd4 4. Nxd4 Bc5 5. Be3 Qf6 6. c3 Nge7 7. Bc4 d6 8.
O-O O-O 9. Qd2 Qe5 10. Re1 h6 11. Na3 Bxd4 12. cxd4 Qxe4 13. d5 Ne5 14. Bf4 Qf5
15. Bxe5 dxe5 16. Qe3 Ng6 17. Bd3 Qf4 18. Rac1 Nh4 19. Qxe5 Qd2 20. Qe2 Qg5 21.
g3 Bh3 22. Qe4 Ng2 23. Qh7# 1-0

[Event "ODJM B 2014"]
[Site "Magdeburg GER"]
[Date "2014.06.08"]
[Round "1"]
[White "Friedrich, Laura"]
[Black "Petri, Ben-Luca"]
[Result "0-1"]
[Termination "normal"]
[Board "26"]
[WhiteElo "1036"]
[BlackElo "1394"]
[PlyCount "134"]
[WhiteFideId "12952249"]
[BlackFideId "12947261"]
[EventCountry "GER"]
[EventRounds "9"]
[EventType "swiss"]
[EventDate "2014.06.07"]

1. e4 e6 2. d4 d5 3. exd5 exd5 4. Bd3 Bd6 5. Nf3 Ne7 6. O-O O-O 7. b3 c6 8. c4
Bg4 9. Bxh7+ Kh8 10. Nc3 g6 11. Qd3 Bxf3 12. Qxf3 Kxh7 13. Qh3+ Kg8 14. Qh6 Nf5
15. Qh3 dxc4 16. bxc4 Qh4 17. Qxh4 Nxh4 18. Re1 Nf5 19. Bg5 f6 20. Bd2 Nxd4 21.
Rad1 Nf5 22. Re6 Kf7 23. Rde1 Be5 24. R6xe5 fxe5 25. Rxe5 Nd7 26. Re1 Rfe8 27.
Rf1 Nd4 28. Be3 Nf5 29. Bd2 Re6 30. h3 Rae8 31. f4 Nd4 32. Kh2 Ne2 33. f5 gxf5
34. Rxf5+ Rf6 35. Rh5 Nxc3 36. Bxc3 Kg6 37. Rh4 Rf5 38. Rd4 Nb6 39. Rd6+ Kf7
40. Rd3 Nxc4 41. h4 b5 42. Rh3 Rh5 43. g4 Rh7 44. g5 Re2+ 45. Kg1 Re4 46. h5
Rg4+ 47. Kh2 Rxg5 48. h6 Kg6 49. Bb4 Rh5 50. Rxh5 Kxh5 51. Bc5 a5 52. a3 Rxh6
53. Kg3 Re6 54. Kf4 Rd6 55. Ke4 Rd5 56. Be7 Re5+ 57. Kd4 Rxe7 58. Kc5 Re3 59.
Kxc6 Nxa3 60. Kb6 b4 61. Kxa5 b3 62. Ka4 b2 63. Kb4 b1=Q+ 64. Kc5 Rc3+ 65. Kd4
Qd3+ 66. Ke5 Rc5+ 67. Kf6 Rf5+ 0-1

[Event "ODJM B 2014"]
[Site "Magdeburg GER"]
[Date "2014.06.08"]
[Round "1"]
[White "Von Jan, Lena"]
[Black "Pahl, Erik"]
[Result "1-0"]
[Termination "normal"]
[Board "27"]
[WhiteElo "1322"]
[BlackElo "1028"]
[PlyCount "119"]
[WhiteFideId "12946060"]
[BlackFideId "16201272"]
[EventCountry "GER"]
[EventRounds "9"]
[EventType "swiss"]
[EventDate "2014.06.07"]

1. e4 e5 2. Nf3 Nc6 3. Bb5 Nf6 4. d3 d6 5. c3 Be7 6. O-O O-O 7. Re1 Bd7 8. Ba4
Nb8 9. Bb3 Bc6 10. Nbd2 b6 11. Nf1 Nbd7 12. Ng3 d5 13. exd5 Nxd5 14. Nxe5 Nxe5
15. Rxe5 f6 16. Re1 Kh8 17. Nf5 Re8 18. d4 Qd7 19. Bc2 Bf8 20. Ne3 Nxe3 21.
Bxe3 Qd5 22. f3 Bd6 23. h3 Qh5 24. Qd3 g6 25. Qd2 Qh4 26. Bf2 Qh5 27. Be3 Bg3
28. Bf2 Bd6 29. Be3 Kg7 30. Rab1 Bxf3 31. gxf3 Qxf3 32. Bh6+ Kf7 33. Qg2 Qxg2+
34. Kxg2 g5 35. Rf1 Re2+ 36. Rf2 Rxf2+ 37. Kxf2 Bf4 38. h4 Re8 39. Bxh7 Rh8 40.
hxg5 Rxh7 41. g6+ Kxg6 42. Bxf4 Kf5 43. Bg3 Kg4 44. Rg1 Kf5 45. Kf3 Rh3 46. Ke2
Rh7 47. Rf1+ Kg4 48. Bxc7 Rxc7 49. Rxf6 Re7+ 50. Kd2 Rh7 51. Kc2 Rh2+ 52. Kb3
Rh7 53. Rf1 Re7 54. Rd1 b5 55. d5 Rd7 56. Kb4 Kf5 57. d6 Ke5 58. Kc5 Ke6 59.
Kc6 a6 60. Re1+ 1-0

[Event "ODJM B 2014"]
[Site "Magdeburg GER"]
[Date "2014.06.08"]
[Round "1"]
[White "von Schoenebeck, Konstantin"]
[Black "Adelmeyer, Matti"]
[Result "0-1"]
[Termination "normal"]
[Board "28"]
[WhiteElo "1023"]
[BlackElo "1316"]
[PlyCount "68"]
[WhiteFideId "12977349"]
[BlackFideId "12962520"]
[EventCountry "GER"]
[EventRounds "9"]
[EventType "swiss"]
[EventDate "2014.06.07"]

1. e4 e5 2. Nf3 Nc6 3. Bc4 Bc5 4. O-O Nf6 5. d4 Bxd4 6. Nxd4 Nxd4 7. f4 Nc6 8.
fxe5 Nxe5 9. Qe2 h6 10. Nc3 O-O 11. Bf4 d6 12. Rad1 Bg4 13. Qf2 Bxd1 14. Bxe5
dxe5 15. Rxd1 Qe7 16. Qh4 Rad8 17. Rxd8 Rxd8 18. Qe1 Qc5+ 19. Qf2 Qxc4 20. h3
Nxe4 21. Qh4 Qd4+ 22. Kh2 Nxc3 23. Qxd4 exd4 24. bxc3 dxc3 25. g4 Rd2+ 26. Kg3
Rxc2 27. Kf4 Rd2 28. Ke3 Rd8 29. g5 c2 30. gxh6 gxh6 31. Kf3 c1=Q 32. Ke4 Qe1+
33. Kf4 Rd4+ 34. Kf3 Qc3+ 0-1

[Event "ODJM B 2014"]
[Site "Magdeburg GER"]
[Date "2014.06.08"]
[Round "1"]
[White "Tham, Minh"]
[Black "Meinschien, Nick"]
[Result "1-0"]
[Termination "normal"]
[Board "29"]
[WhiteElo "1275"]
[BlackElo "996"]
[PlyCount "127"]
[WhiteFideId "12997323"]
[BlackFideId "12989673"]
[EventCountry "GER"]
[EventRounds "9"]
[EventType "swiss"]
[EventDate "2014.06.07"]

1. e4 e5 2. Nf3 Nc6 3. Bc4 Bc5 4. Nc3 d6 5. h3 Nf6 6. d3 h6 7. Be3 Bxe3 8. fxe3
O-O 9. O-O a6 10. Nd5 Nxd5 11. Bxd5 Ne7 12. Bb3 Ng6 13. Qe1 Bd7 14. Qf2 Be8 15.
d4 c6 16. Rad1 Qe7 17. Qg3 Rd8 18. Qxg6 d5 19. Qf5 dxe4 20. Qxe4 Qc7 21. Qxe5
Qxe5 22. Nxe5 Rc8 23. Rd2 Rc7 24. Rdf2 Kh7 25. Bxf7 Bxf7 26. Rxf7 Rcxf7 27.
Rxf7 Rb8 28. Kf2 Kg8 29. Ke2 Re8 30. Rxb7 Re6 31. Rb6 a5 32. Rxc6 Re8 33. Ra6
Rb8 34. b3 Rb5 35. Nc4 Rg5 36. Kf2 Rf5+ 37. Kg1 Rf7 38. Rxa5 Re7 39. b4 Rb7 40.
c3 Kf7 41. a4 Ke7 42. Ne5 Ke6 43. Ra6+ Ke7 44. Ra7 Rxa7 45. Nc6+ Kd6 46. Nxa7
Kc7 47. c4 Kb6 48. Nc8+ Kc6 49. e4 g5 50. g3 h5 51. a5 Kb7 52. b5 Kxc8 53. c5
g4 54. h4 Kb7 55. d5 Kc7 56. e5 Kb7 57. e6 Kc7 58. a6 Kc8 59. a7 Kb7 60. e7
Kxa7 61. e8=Q Kb7 62. Qe7+ Kb8 63. b6 Kc8 64. Qc7# 1-0

[Event "ODJM B 2014"]
[Site "Magdeburg GER"]
[Date "2014.06.08"]
[Round "1"]
[White "Lohrmann, Linus"]
[Black "Manco, Michela"]
[Result "0-1"]
[Termination "normal"]
[Board "30"]
[WhiteElo "978"]
[BlackElo "1541"]
[PlyCount "86"]
[WhiteFideId "12982857"]
[BlackFideId "12943908"]
[EventCountry "GER"]
[EventRounds "9"]
[EventType "swiss"]
[EventDate "2014.06.07"]

1. e4 e5 2. Nf3 Nc6 3. d4 exd4 4. c3 Nf6 5. Bg5 Be7 6. Bxf6 Bxf6 7. Bc4 dxc3 8.
bxc3 O-O 9. Qb3 d6 10. Nfd2 Na5 11. Qb4 Nxc4 12. Nxc4 Re8 13. Nbd2 d5 14. Ne3
dxe4 15. Nxe4 Qe7 16. Qxe7 Bxe7 17. O-O Be6 18. h3 Rad8 19. Rab1 b6 20. c4 Rd4
21. f3 Bxc4 22. Rfc1 Bd3 23. Nc2 Bxc2 24. Rxc2 c5 25. a4 Rxa4 26. Nc3 Rc4 27.
Rbc1 Bg5 28. Na2 Rxc2 29. Rxc2 Bh4 30. Kh2 h6 31. g3 Bf6 32. h4 a5 33. Rb2 Bxb2
34. Kh3 b5 35. g4 b4 36. Nxb4 axb4 37. g5 hxg5 38. hxg5 c4 39. Kh4 c3 40. Kh5
c2 41. g6 f6 42. f4 c1=Q 43. f5 Qg5# 0-1

[Event "ODJM B 2014"]
[Site "Magdeburg GER"]
[Date "2014.06.08"]
[Round "1"]
[White "Wiemann, Daniel"]
[Black "Norf, Lasse"]
[Result "1-0"]
[Termination "normal"]
[Board "31"]
[WhiteElo "1393"]
[BlackElo "923"]
[PlyCount "127"]
[WhiteFideId "12942944"]
[EventCountry "GER"]
[EventRounds "9"]
[EventType "swiss"]
[EventDate "2014.06.07"]

1. e4 e5 2. Nf3 Nc6 3. d4 exd4 4. Nxd4 Nxd4 5. Qxd4 c5 6. Qd1 Nf6 7. Bg5 c4 8.
Bxc4 Bc5 9. O-O Qe7 10. Re1 Qe5 11. Bxf6 Qxf6 12. Re2 Qxb2 13. Nd2 Qf6 14. Nb3
Bb6 15. Qd5 O-O 16. Bd3 d6 17. Qh5 Qe5 18. Qxe5 dxe5 19. Kh1 Bg4 20. f3 Be6 21.
Rd1 Rfd8 22. Red2 Be3 23. Re2 Bg5 24. Kg1 Be7 25. Kf1 Bxb3 26. cxb3 Rac8 27.
Rc2 Rc6 28. Rxc6 bxc6 29. Bc2 Rxd1+ 30. Bxd1 g6 31. Ke2 f5 32. exf5 gxf5 33.
Bc2 f4 34. Kd3 Kf7 35. Kc4 h5 36. b4 Ke8 37. Bg6+ Kd7 38. Bxh5 Kc7 39. Bf7 Kb6
40. g3 e4 41. fxe4 f3 42. Bh5 f2 43. Be2 a5 44. bxa5+ Kxa5 45. h4 Kb6 46. h5
Bg5 47. e5 Kc7 48. a4 Kb7 49. a5 Kc7 50. a6 Kb6 51. e6 Kxa6 52. h6 Bf6 53. h7
Kb7 54. e7 Bxe7 55. h8=Q Kc7 56. Qg7 Kd6 57. Qd4+ Kc7 58. Qxf2 Kd6 59. Qd4+ Kc7
60. Bg4 Bd8 61. Qd7+ Kb6 62. Qxd8+ Ka7 63. Qc7+ Ka6 64. Bc8# 1-0

[Event "ODJM B 2014"]
[Site "Magdeburg GER"]
[Date "2014.06.08"]
[Round "1"]
[White "Currenti, Alessandro"]
[Black "Röhr, Oliver"]
[Result "0-1"]
[Termination "normal"]
[Board "32"]
[WhiteElo "903"]
[BlackElo "1245"]
[PlyCount "56"]
[WhiteFideId "12998907"]
[BlackFideId "12987697"]
[EventCountry "GER"]
[EventRounds "9"]
[EventType "swiss"]
[EventDate "2014.06.07"]

1. e4 e5 2. Nf3 Nc6 3. d4 exd4 4. Bc4 h6 5. c3 dxc3 6. bxc3 d6 7. Bf4 Nf6 8.
Nbd2 Bg4 9. Qa4 a6 10. Nd4 Bd7 11. N2b3 Nxd4 12. Bxf7+ Kxf7 13. Qxd4 Qe7 14. e5
dxe5 15. Bxe5 Re8 16. f4 Ng4 17. O-O b6 18. Bxc7 Bb5 19. c4 Ba4 20. Bxb6 Bxb3
21. axb3 Rd8 22. Bxd8 Qb4 23. Ra4 Bc5 24. Qxc5 Qxc5+ 25. Kh1 Nf2+ 26. Kg1 Nh3+
27. Kh1 Qg1+ 28. Rxg1 Nf2# 0-1

[Event "ODJM B 2014"]
[Site "Magdeburg GER"]
[Date "2014.06.08"]
[Round "1"]
[White "Buller, Ian Joshua"]
[Black "Fromm, Marius"]
[Result "1-0"]
[Termination "normal"]
[Board "33"]
[WhiteElo "1244"]
[BlackElo "899"]
[PlyCount "53"]
[WhiteFideId "12990655"]
[BlackFideId "12993190"]
[EventCountry "GER"]
[EventRounds "9"]
[EventType "swiss"]
[EventDate "2014.06.07"]

1. e4 e5 2. Nf3 Nc6 3. d4 exd4 4. Nxd4 Nf6 5. Nxc6 bxc6 6. Nc3 Bb4 7. e5 Nd5 8.
Bd2 Nxc3 9. Bxc3 Bxc3+ 10. bxc3 O-O 11. Bd3 Re8 12. Qh5 h6 13. O-O d6 14. exd6
Qxd6 15. Rad1 Qf6 16. Rfe1 Be6 17. Re3 Bd5 18. c4 Rxe3 19. fxe3 Be6 20. Rf1 Qe7
21. Rf3 Rd8 22. Rg3 Qf6 23. e4 Qe7 24. Qxh6 Qf8 25. e5 f6 26. Qh7+ Kf7 27. exf6
1-0

[Event "ODJM B 2014"]
[Site "Magdeburg GER"]
[Date "2014.06.08"]
[Round "1"]
[White "Schott, Jan"]
[Black "Grothe, Pascal"]
[Result "0-1"]
[Termination "normal"]
[Board "34"]
[WhiteElo "855"]
[BlackElo "1236"]
[PlyCount "82"]
[EventCountry "GER"]
[EventRounds "9"]
[EventType "swiss"]
[EventDate "2014.06.07"]

1. e4 e5 2. Nf3 Nc6 3. Bc4 Bc5 4. c3 Nf6 5. d4 exd4 6. cxd4 Bb4+ 7. Nc3 Bxc3+
8. bxc3 Nxe4 9. Bd5 Nxc3 10. Qb3 Nxd5 11. Qxd5 h6 12. O-O d6 13. Re1+ Ne7 14.
Bf4 Rb8 15. Rad1 Be6 16. Qb5+ Qd7 17. Qxd7+ Bxd7 18. Rd2 Kd8 19. Rde2 Re8 20.
Rc1 Nd5 21. Rxe8+ Bxe8 22. Bd2 Bc6 23. Re1 Kd7 24. h3 Re8 25. Rxe8 Kxe8 26. a3
a6 27. Kf1 Ke7 28. Ke2 Bb5+ 29. Kd1 b6 30. Kc2 Bc4 31. a4 a5 32. Nh4 Kf6 33.
Kd1 g5 34. Nf3 Bf1 35. Ne1 Kf5 36. g4+ Kg6 37. f3 Bxh3 38. Kc2 Bf1 39. Kd1 f5
40. gxf5+ Kxf5 41. Bc1 h5 0-1

[Event "ODJM B 2014"]
[Site "Magdeburg GER"]
[Date "2014.06.08"]
[Round "1"]
[White "Triantafillidis, Simeon"]
[Black "Schneider, Anna"]
[Result "1-0"]
[Termination "normal"]
[Board "35"]
[WhiteElo "1361"]
[BlackElo "734"]
[PlyCount "25"]
[WhiteFideId "12953113"]
[BlackFideId "16200527"]
[EventCountry "GER"]
[EventRounds "9"]
[EventType "swiss"]
[EventDate "2014.06.07"]

1. d4 d5 2. c4 dxc4 3. e4 Nf6 4. Nc3 e6 5. Bxc4 Bb4 6. Bg5 Bxc3+ 7. bxc3 b6 8.
e5 c5 9. exf6 cxd4 10. fxg7 Qxg5 11. gxh8=Q+ Ke7 12. Qdxd4 Bb7 13. Qdd8# 1-0

[Event "ODJM B 2014"]
[Site "Magdeburg GER"]
[Date "2014.06.08"]
[Round "1"]
[White "Rößl, Mira"]
[Black "Lommel, Hagen"]
[Result "0-1"]
[Termination "normal"]
[Board "36"]
[WhiteElo "725"]
[BlackElo "1209"]
[PlyCount "90"]
[BlackFideId "12972380"]
[EventCountry "GER"]
[EventRounds "9"]
[EventType "swiss"]
[EventDate "2014.06.07"]

1. d4 d5 2. Nc3 Nf6 3. Bf4 a6 4. g4 Bxg4 5. f3 Bf5 6. Bg2 Nc6 7. e4 dxe4 8.
fxe4 Bg4 9. Bf3 Bxf3 10. Qxf3 Nxd4 11. Qf2 Nc6 12. Rd1 Qc8 13. Nd5 Nxd5 14.
exd5 Na7 15. Be3 Nb5 16. Nf3 e6 17. dxe6 Qxe6 18. Ng5 Qf6 19. Qxf6 gxf6 20. Ne4
Be7 21. O-O Rg8+ 22. Kh1 Rg6 23. Rg1 Nd6 24. Rxg6 fxg6 25. Nxd6+ Bxd6 26. Re1
O-O-O 27. Ba7 b6 28. b4 Bxb4 29. Re4 Bc5 30. Re6 f5 31. Rc6 Kb7 32. Rf6 Kxa7
33. a4 Rd1+ 34. Kg2 Rd2+ 35. Kh1 Rxc2 36. a5 Ra2 37. h3 Rxa5 38. Kh2 Bd4 39.
Rf7 Kb7 40. Rxh7 g5 41. Rh5 g4 42. h4 Bf6 43. Rg5 Bxg5 44. hxg5 f4 45. g6 Rg5
0-1